[Event "Beersheba"]
[Site "Beersheba"]
[Date "1993.??.??"]
[Round "3"]
[White "Chernin, Alexander"]
[Black "Psakhis, Lev"]
[Result "1-0"]
[WhiteElo "2615"]
[BlackElo "2585"]
[Annotator "Dautov,R"]
[PlyCount "99"]
[EventDate "1993.??.??"]
[EventType "tourn"]
[EventRounds "11"]
[EventCountry "ISR"]
[EventCategory "12"]
[SourceTitle "CBM 038"]
[Source "ChessBase"]
[SourceDate "1994.02.01"]
[SourceVersion "1"]
[SourceVersionDate "1994.02.01"]
[SourceQuality "1"]

1. d4 e6 2. c4 Nf6 3. Nf3 b6 4. g3 Ba6 5. b3 Bb4+ 6. Bd2 Be7 7. Bg2 c6 8. Bc3
d5 9. Ne5 Nfd7 10. Nxd7 Nxd7 11. Nd2 O-O 12. O-O Rc8 13. e4 b5 14. Re1 bxc4 15.
bxc4 dxc4 16. Qc2 (16. Qa4 Bb5 17. Qc2 $14) 16... Qc7 (16... Nb6 $5 17. Nf1 c5
18. d5 exd5 19. exd5 Bf6 20. Ne3 Rb8 21. Be4 h6 22. Nf5 {Remis/
Chernin-Hertneck/Luzern WchT/1985}) 17. Bf1 (17. Nf1 e5 18. Ne3 exd4 19. Bxd4
Bc5 20. Bxc5 Nxc5 21. Nxc4 Rfd8 22. Rad1 Rxd1 23. Rxd1 Rd8 $10 {
Karpov-Kasparov/Leningrad-Wch (21)/1986}) 17... e5 18. Nxc4 (18. Bxc4 $5 Bxc4
19. Nxc4 exd4 20. Bxd4 $14) 18... Bxc4 19. Bxc4 exd4 20. Bxd4 Ne5 21. Be2 $1 (
21. Bxe5 Qxe5 22. Rab1 Rb8 23. Kg2 Rxb1 24. Rxb1 Rb8 25. f4 Qc7 {+/=/=}) 21...
Rfd8 22. Red1 c5 23. Rac1 Nc6 24. Be3 (24. Bxc5 $2 Nd4 25. Bxe7 Nxc2 26. Bxd8
Rxd8 27. Rxd8+ Qxd8 28. Rxc2 $10) 24... Rxd1+ 25. Rxd1 g6 26. Qa4 (26. Bc4 Bf6
{/\Bd4} 27. Bxc5 $4 Ne5 28. Rc1 Nxc4 29. Qxc4 Be7 $17) 26... Bf8 27. Bc4 Nd4 (
27... Ne5 28. Bd5 $14) (27... Bg7 28. Ba6 (28. Bxc5 Ne5 29. Ba6 Qxc5 30. Bxc8
Qxc8 31. Qxa7 $10) 28... Rd8 29. Rxd8+ (29. Bxc5 $2 Rxd1+ 30. Qxd1 Qa5 $17)
29... Nxd8 30. Qe8+ Bf8 31. Bc4 (31. Bxc5 Qxc5 32. Qxd8 Qc2 $10) 31... Qe7 32.
Qxe7 Bxe7 33. Kf1 $14) 28. Bxd4 (28. Kg2 $5 $14 {/\Bd5}) 28... cxd4 29. Bb3 (
29. Bd5 Bg7 (29... Qc2 30. Bb3 Qxe4 31. Qxa7 $16) 30. Rd3 Qc2 $132 {/\} 31. Rb3
d3 32. Qd7 d2 33. Bxf7+ Kf8 $17) 29... Bc5 (29... Bg7 {>=} 30. Rd3 Qe7 31. Bd5
(31. Rf3 $2 Qxe4 32. Rxf7 $4 Rc1+ $19) 31... Rc3 $10) 30. Rd3 Kg7 31. Rf3 $14
Rf8 (31... f6 32. e5 $1 f5 33. e6 $16) 32. Qc4 Bb6 33. Qd5 f6 34. Kg2 Qe7 (
34... Rd8 35. Qe6 Rd6 $4 36. Qg8+ Kh6 37. Qf8+ $18) 35. Qc6 h5 36. h4 Rd8 37.
Bd5 Qd6 (37... Rd6 38. Qb5 $14) 38. Qc2 Rd7 39. Qc8 Rd8 40. Qa6 f5 $2 (40...
Rd7 41. Qb5 Rd8 $14) 41. Bc4 Qc6 $6 (41... fxe4 42. Qb7+ Rd7 43. Qxe4 Re7 44.
Qa8 Qd8 45. Qc6 $16 {->}) 42. exf5 Rf8 43. Bd3 gxf5 44. Bb1 $1 $16 Rf7 (44...
f4 $2 45. Qd3 Qh6 46. Qe4 $16) (44... Rf6 45. Qe2 $16) 45. Qe2 Bc7 46. Qd2 $1
$18 {/\Qg5} f4 47. Qxd4+ Rf6 (47... Qf6 48. Qxa7 $18) 48. Qd3 Kf8 (48... fxg3
49. Qh7+ Kf8 50. Qh6+ Kf7 51. Qg6+ Ke7 52. Qg7+ $18) 49. Qh7 Be5 50. Qh8+ (50.
Qh8+ Ke7 51. Qxh5 $18) 1-0

[Event "GER-ch 74th"]
[Site "Saarbruecken"]
[Date "2002.11.26"]
[Round "5"]
[White "Dautov, Rustem"]
[Black "Naiditsch, Arkadij"]
[Result "1/2-1/2"]
[WhiteElo "2617"]
[BlackElo "2586"]
[Annotator "Dautov,R"]
[PlyCount "141"]
[EventDate "2002.11.22"]
[EventType "swiss"]
[EventRounds "9"]
[EventCountry "GER"]
[SourceTitle "CBM 093"]
[Source "ChessBase"]
[SourceDate "2003.04.01"]
[SourceVersion "1"]
[SourceVersionDate "2003.04.01"]
[SourceQuality "1"]

1. d4 Nf6 2. c4 e6 3. Nf3 b6 4. g3 Ba6 5. b3 Bb4+ 6. Bd2 Be7 7. Bg2 c6 8. Bc3
d5 9. Nbd2 Nbd7 10. O-O O-O 11. Re1 Bb7 12. e4 dxe4 13. Nxe4 Nxe4 14. Rxe4 c5
15. Re1 Bf6 16. Qd2 {Eine interessante Idee, auf die mich A.Graf aufmerksam
machte. Weiß plant das Spiel im Zentrum und versucht, die Kontrolle über die
d-Linie zu bekommen.} Qc8 $2 {Besser ist 16...Qc7.} (16... Qc7 17. Rad1 Rfd8 (
17... Rad8 $142 $1) 18. Qe3 cxd4 19. Bxd4 h6 20. Rd2 Rac8 21. Red1 Kf8 22. h4
Bxf3 23. Bxf3 Ke7 $14 24. Bxf6+ Nxf6 25. Rxd8 Rxd8 26. Rxd8 Kxd8 27. Qd4+ Ke7
28. b4 $14 {Graf,A-Joachim,S/Germany 2002}) 17. Rad1 cxd4 18. Bxd4 Bxd4 19.
Qxd4 Rd8 20. Qe3 Qc7 21. Rd4 $1 $14 {Auf diese Weise erreicht Weiß sein Ziel
und erobert die d-Linie.} Nf6 22. Red1 Rxd4 (22... h6 23. Ne5 Bxg2 24. Kxg2
Rac8 25. b4 $14) 23. Qxd4 h6 24. Ne5 Bxg2 25. Kxg2 Rc8 26. b4 $5 {Ein
geradliniges Vorgehen. Die positionelle Drohung b4-b5 und Ne5-c6 scheint sehr
unangenehm für Schwarz, aber Arkadij findet die beste Verteidigung.} ({In
Betracht kam} 26. a4 $5 {Weiß möchte damit nichts überstürzen und seine
Stellung zuerst mit Qd6, f2-f3 verbessern. Die Idee b4-b5 kommt möglicherweise
später zur Anwendung.} a5 (26... a6 27. Qd6 Qb7+ 28. f3 b5 29. axb5 axb5 30. c5
$16) 27. Qd6 Qb7+ (27... Ne4 $2 28. Qxc7 Rxc7 29. Rd8+ Kh7 30. Nd7 Kg6 31. f3
$16) 28. f3 $14 {Der schwarze Springer kann das Traumfeld c5 nicht erreichen,
und die Schwäche b6 sichert Weiß einen langfristigen Vorteil.}) 26... Qb7+ 27.
Kg1 b5 $1 28. c5 Nd5 {Weiß kann sich zwar über den gedeckten Freibauer c5
freuen, dafür ist der schwarze Springer sehr stark geworden.} 29. Rd3 $2 {
Ein dummer Zug, der zwei wertvolle Tempi verliert. Es ist klar, daß Schwarz
das Gegenspiel mit a7-a5 plant, wie sollte also Weiß darauf reagieren? Während
der Partie überlegte ich die Vertreibung des schwarzen Springers von d5
mittels Ng4-e3 oder Nd3-f4. Aber möglicherweise war seine Aushebelung mittels
f4-f5 die beste Idee.} (29. Ng4 Qa6 $1 30. Rd2 Rd8 31. Ne3 Qa3 $132) (29. a3 $1
a5 (29... Qa6 $2 30. Rd3 $14) 30. f4 $5 (30. Nd3 axb4 31. axb4 Ra8 32. Nf4 Ne7
33. Ra1 Rxa1+ 34. Qxa1 $14) (30. Ng4 axb4 31. axb4 Ra8 32. Ne3 Nf6 33. Ra1
Rxa1+ 34. Qxa1 $14) 30... axb4 31. axb4 Ra8 (31... Rd8 $2 32. f5 exf5 $2 33. c6
Qc7 34. Nd7 $18) 32. f5 Ra4 (32... Ra2 33. fxe6 fxe6 34. Qe4 $14) 33. fxe6 fxe6
34. Nd3 $14 {><e6}) 29... a5 30. a3 (30. bxa5 $2 Qa7 31. c6 Qxa5 $15) (30. Rf3
$2 f6 31. Nd3 Nxb4 $19) 30... axb4 31. axb4 Qa8 (31... Ra8 $5) 32. Rd1 {
Das Eingeständnis des Fehlers im 29.Zug. Weiß muß sich bereits um den
Ausgleich bemühen.} Qa4 33. Rb1 Ra8 34. Qb2 Qa7 {Hier und in den nächsten
Zügen konnte Najditsch die Damen tauschen und ein ausgeglichenes Endspiel
erreichen. Er wollte jedoch angesichts meines Zeitmangels die Spannung
aufrechterhalten.} (34... Qa2 35. Qxa2 Rxa2 36. Nc6 $11) 35. Nd3 Ne7 (35... Qa2
36. Qxa2 Rxa2 37. Ne5 $11) 36. h4 Rd8 (36... Qa3 $11) 37. Ne5 Qc7 38. Qe2 Nf5
$6 (38... Nd5 39. Rb3 Ra8 40. Kg2 $11) 39. Nf3 Ra8 $6 (39... Qc6 $11) 40. Rd1
Ra3 {/\Ng3} 41. Kh2 {Dank dem inkonsequenten Spiel des Gegners bekam Weiß
erneut einen leichten Vorteil. Er reicht jedoch nicht aus, um die Partie zu
gewinnen.} (41. Nd4 $5 Nxg3 $1 (41... Nxd4 42. Rxd4 $14) 42. Qb2 Ra4 $13) 41...
Rb3 42. Qe4 Rb2 43. Rd2 Rxd2 44. Nxd2 Ne7 $1 45. Qa8+ Kh7 46. Qe4+ ({Möglich
war} 46. Qe8 Nc6 47. Ne4 Nxb4 48. Qxb5 Nc6 49. Nd6 $14 {, aber diese Stellung
läßt sich kaum gewinnen.}) 46... Kg8 47. Qd3 Qb7 48. Ne4 Qd5 $1 {Das forciert
entstehende Damenendspiel ist remislich.} 49. Qxb5 Qxe4 50. Qe8+ Kh7 51. Qxe7
Qf3 52. Kg1 Qd1+ 53. Kg2 Qd5+ 54. Kg1 Qd1+ 55. Kg2 Qd5+ 56. f3 Qd2+ 57. Kh3
Qxb4 58. Qxf7 Qxc5 59. Qxe6 h5 $1 60. Qe4+ g6 61. Kg2 Qa7 62. Qe6 Qb7 63. Qf6
Qd7 64. Qc3 Qa7 65. f4 Qa2+ 66. Kf3 Qd5+ 67. Ke3 Qe6+ 68. Qe5 Qb3+ 69. Kd4 Qxg3
70. Qe7+ Kg8 71. Qe8+ 1/2-1/2

[Event "Bayern-chI Bank Hofmann 3rd"]
[Site "Bad Wiessee"]
[Date "1999.10.28"]
[Round "6"]
[White "Dautov, Rustem"]
[Black "Ibragimov, Ildar"]
[Result "0-1"]
[WhiteElo "2597"]
[BlackElo "2554"]
[Annotator "Dautov,R"]
[PlyCount "116"]
[EventDate "1999.10.23"]
[EventType "swiss"]
[EventRounds "9"]
[EventCountry "GER"]
[SourceTitle "EXT 2000"]
[Source "ChessBase"]
[SourceDate "1999.11.16"]
[SourceVersion "1"]
[SourceVersionDate "1999.11.16"]
[SourceQuality "1"]

1. d4 Nf6 2. c4 e6 3. Nf3 b6 4. g3 Ba6 5. b3 Bb7 6. Bg2 Bb4+ 7. Bd2 a5 8. O-O
O-O 9. Qc2 d5 10. cxd5 exd5 11. Nc3 (11. Bf4 $1 {ist genauer. Weiß nimmt damit
die Schwäche c7 aufs Korn und zwingt den schwarzen Springer zur Entwicklung
auf a6. Der mögliche Abtausch der schwarzfeldrigen Läufer ist für Weiß günstig.
} Na6 12. Rd1 Qe7 13. Qb2 Ne4 14. a3 Bd6 15. Bxd6 Qxd6 16. Nc3 Rfe8 17. Rac1
Rad8 18. e3 Qe7 19. Bf1 $14 {Hort,V-Chandler,M/BL8687}) 11... Re8 12. a3 Bf8 (
12... Bxc3 13. Bxc3 $14) 13. Bg5 (13. Bf4 Na6 14. Rfd1 $14) 13... Nbd7 14. Rfd1
(14. Bh3 $6 Be7) 14... h6 15. Bf4 $2 {Der Läufertausch war natürlicher und
stärker, die neue Position auf f4 erweist sich schnell als unsicher.} (15. Bxf6
$142 Nxf6 16. Ne5 c5 17. e3 Qe7 18. f4 Qe6 $11) 15... c5 $11 16. Qb2 (16. Nb5
Rc8 (16... Ba6 $11)) 16... Ne4 {/\Nxc3} 17. Rac1 (17. Nxe4 dxe4 18. Ne5 Nxe5
19. Bxe5 (19. dxe5 $2 Qe7 {/\g5}) 19... Qe7 20. Bf4 $11) 17... g5 $1 {Ein
typischer Zug. Schwarz erobert damit zusätzlichen Raum auf dem Königsflügel,
ermöglicht seinem Läufer f8 das Fianchetto und bekommt weitere Optionen zur
Verfügung, g5-g4 und f5-f4.} 18. Be3 Bg7 $2 {Ein erheblicher Fehler. Schwarz
vernachlässigt für einen Augenblick die schwache Diagonale h3-c8, wonach sein
gesamtes Konzept ins Wanken gerät.} ({Durch einen weiteren energischen Zug} 
18... f5 $1 $15 {konnte Schwarz die Möglichkeit Bg2-h3 ausschalten und die
Initiative übernehmen.}) 19. Bh3 $1 $14 {גh3-c8} Nf8 20. Qa2 $1 {/\Ne4, dxc5}
(20. b4 $2 axb4 21. axb4 Nxc3 22. Rxc3 c4 $15) 20... Qe7 (20... Nxc3 21. Rxc3
$14) (20... Qf6 $5) 21. Na4 $16 {><b6} h5 22. Bg2 $2 {Wie gewonnen, so
zerronnen! Durch diesen und den nächsten Zug läßt Weiß seinen Vorteil aus. Es
war an der Zeit, Komplikationen herbeizuführen:} (22. Nxb6 $1 g4 (22... Ra6 23.
dxc5 g4 24. c6 $16) 23. Nxa8 Bxa8 24. Bg2 gxf3 25. exf3 cxd4 26. Bxd4 Bxd4 27.
fxe4 (27. Rxd4 $2 Nc3 $1 $17) 27... Bc5 28. exd5 Bxa3 29. Rc4 $16 {/\Re4 und
nach den weiteren Zügen wie Re4 und Qe2 gerät Schwarz stark unter Beschuß.})
22... Nd7 (22... g4 23. Nh4 cxd4 24. Nf5 Qf6 25. Nxd4 $14) 23. Nc3 $2 {Erneut
zu schüchtern gespielt.} (23. Nxb6 $1 Nxb6 24. dxc5 d4 $1 (24... Nc8 25. c6 Ba6
26. Rxd5 $16) 25. Bxd4 (25. Nxd4 Nd5 26. c6 Ndc3) 25... Bxd4 26. Nxd4 Nxc5 27.
Nf5 Qe5 28. Nd6 Bxg2 29. Nxe8 Rxe8 30. Kxg2 $14) 23... f5 $1 24. Nxe4 fxe4 25.
dxc5 $2 {Diesmal gab es wiederum keinen Grund, Material zu opfern, in den
entstehenden Stellungen wird Weiß hart ums Remis kämpfen müssen.} (25. Nxg5
cxd4 26. Bf4 Nc5 27. Qb1 $13 {war korrekt und führte zu einer komplexen
Stellung mit gegenseitigen Chancen.}) 25... exf3 $15 26. c6 {Hier begann die
beiderseitige Zeitnot.} Bxc6 27. Bxf3 g4 $2 (27... Nc5 $142 28. b4 (28. Bxd5+
Bxd5 29. Rxd5 Ne4 $17) 28... axb4 29. Bxd5+ Bxd5 30. Qxd5+ Qe6 31. axb4 Ne4 $15
) 28. Bg2 $2 (28. Bxg4 $1 hxg4 {><d5, g4} 29. Rxc6 $11) 28... Nc5 (28... Rac8
$1 29. Rxc6 Rxc6 30. Bxd5+ Re6 31. b4 Nf6 $17) 29. b4 axb4 30. Bxd5+ Bxd5 31.
Qxd5+ Qf7 (31... Qe6 32. axb4 Qxd5 33. Rxd5 Ne4 34. Rxh5 $11) 32. axb4 Na4 33.
Qxf7+ Kxf7 34. Rd7+ Re7 35. Rxe7+ Kxe7 36. Rc7+ Kf8 37. Kg2 $2 {Die Stellung
hat sich vereinfacht, und die rechtzeitige Bauernreduzierung durch 37.h3!
hätte wahrscheinlich die Partie in den Remishafen geführt.} (37. h3 $1 $11)
37... b5 38. Rb7 {Es gab zu wenig Zeit, um die Gefahren des entstehenden
Endspiels B gegen R zu erkennen.} ({Aber auch nach} 38. h3 Re8 39. hxg4 hxg4
$17 {steht Weiß mit dem Rücken zur Wand.}) 38... Nc3 39. Bc5+ Kg8 40. Rxg7+
Kxg7 41. Bd4+ Kg6 42. Bxc3 Ra2 {Dieses Endspiel ist auf eine interessante
Weise verloren.} 43. e3 (43. Kf1 Rc2 44. Bd4 Rc1+ 45. Kg2 Re1 46. e3 Re2 $19)
43... Kf5 44. Bg7 ({Zäher war} 44. Bd4 $1 Ke4 (44... Rc2 45. Bg7 Ke4 46. Bf8
Kd3 47. Bc5) 45. Bc5 Kd3 46. Kf1 Ra1+ 47. Kg2 Ke2 48. e4 {, und nun gewinnt
Schwarz durch eine Reihe der Zugzwänge:} Ra6 49. e5 Re6 50. Bd6 Re8 $22 {
Zugzwang Nr.1.} 51. h3 (51. Bc7 $2 Rf8 52. Bb6 Rf5 53. Bd4 Kd3 $19 54. Bb2 Rf8
55. Bc1 Kc3 $19) 51... Re6 52. Bb8 Re7 53. Bd6 Re8 $22 {Nr.2.} 54. h4 ({
Nichts ändert} 54. hxg4 hxg4) 54... Re6 55. Bb8 Re7 56. Bd6 Re8 $22 {Nr.3.} 57.
Kg1 Kf3 58. Kf1 Ra8 59. Ke1 Ra2 $19) 44... Ke4 45. Bf8 Kd3 46. Bd6 $2 (46. Kf1
Ra1+ 47. Kg2 Ra8 48. Bd6 Ra6 49. Bc5 Ke2 $19) 46... Ra6 47. Bc5 Ra2 $2 {
Kurz vor dem Ziel kommt Schwarz vom richtigen Weg ab.} (47... Ke2 $1 {/\Rf6}
48. e4 Re6 $19 {gewann einen Bauern und die Partie.}) 48. Kf1 Rb2 49. Kg2 Kc4
50. e4 $2 (50. Kf1 $1 Rxb4 $2 51. Bxb4 Kxb4 {Beide Gegner dachten während der
Partie, Schwarz würde dieses Endspiel gewinnen. Dennoch kann Weiß remisieren.}
52. Ke2 Kb3 (52... Kc3 $2 53. Kd1) 53. e4 Kc4 54. f4 $1 gxf3+ 55. Kxf3 b4 56.
Ke2 $1 (56. Ke3 $4 Kc3 57. e5 b3 58. e6 b2 59. e7 b1=Q 60. e8=Q Qe1+) (56. e5
$4 b3 57. e6 b2 58. e7 b1=Q 59. e8=Q Qf1+ $19) 56... Kd4 57. Kd2 Kxe4 58. h3
$11) 50... Re2 51. h3 Rxe4 52. hxg4 hxg4 53. Bf8 Kd5 $1 {Ein schönes Manöver!
Schwarz verdrängt den Läufer von der Diagonale a3-f8.} (53... Kc3 54. Bc5 Rxb4
$2 55. Bxb4+ Kxb4 56. f4 gxf3+ 57. Kxf3 $11) 54. Kf1 (54. f4 Re2+ 55. Kf1 Rc2
$19) 54... Re8 55. Bc5 Rc8 56. Be7 Ke6 57. Bg5 (57. Bc5 Rxc5 58. bxc5 b4 {
Der entscheidende Tempogewinn gegenüber der Variante zum 53. Zug von Schwarz.
Weiß hat keine Zeit für f2-f4.} 59. Ke2 Kd5 $19) 57... Rc4 58. Bd2 Kf5 {
Der weiße Läufer ist passiv, und Schwarz gewinnt leicht:} (58... Kf5 59. Ke2
Ke4 60. Be1 Rc2+ 61. Bd2 Rb2 $19) 0-1

[Event "Bern op"]
[Site "Bern"]
[Date "1993.??.??"]
[Round "9"]
[White "Tukmakov, Vladimir B"]
[Black "Wojtkiewicz, Aleksander"]
[Result "1-0"]
[WhiteElo "2605"]
[BlackElo "2580"]
[Annotator "Dautov,R"]
[PlyCount "129"]
[EventDate "1993.02.??"]
[EventType "swiss"]
[EventRounds "9"]
[EventCountry "SUI"]
[SourceTitle "CBM 038"]
[Source "ChessBase"]
[SourceDate "1994.02.01"]
[SourceVersion "1"]
[SourceVersionDate "1994.02.01"]
[SourceQuality "1"]

1. d4 Nf6 2. c4 e6 3. Nf3 b6 4. g3 Ba6 5. b3 d5 6. Bg2 Nbd7 7. O-O Bd6 8. Nc3 {
N} (8. Bb2 O-O 9. Nc3 Bb7 10. Qc2 a6 11. Rad1 Re8 12. Nh4 Rb8 $1 13. e4 dxe4
14. Nxe4 Nxe4 15. Bxe4 Bxe4 16. Qxe4 b5 17. Qc2 Be7 $10 {0,5/Gulko-Yudasin/
Leon/1992}) 8... O-O (8... dxc4 $2 9. Nd2 $16) 9. Nd2 $1 Bb7 10. Bb2 c5 (10...
Rb8 $6 11. Nb5 Be7 (11... dxc4 12. Nxc4 $16) 12. Nxa7 c6 13. cxd5 exd5 14. Rc1
$16) (10... a6 11. e4 dxe4 12. Ndxe4 Nxe4 13. Nxe4 Rb8 14. Qe2 Nf6 $2 (14...
Be7 $14) 15. Nxf6+ Qxf6 16. Bxb7 Rxb7 17. c5 $16) 11. cxd5 exd5 (11... Nxd5 12.
Nxd5 Bxd5 13. Bxd5 exd5 14. dxc5 Nxc5 (14... bxc5 $2 15. Nc4 $16) 15. Nf3 $16)
12. dxc5 Nxc5 $8 (12... bxc5 $2 13. Nc4 $16) (12... Bxc5 13. Nc4 $1 Re8 14.
Nxd5 Nxd5 15. Bxd5 Bxd5 16. Qxd5 Rxe2 17. Rad1 $16) 13. Nf3 Re8 $6 (13... Nce4
$1 14. Nb5 Bc5 15. a3 a5 $132) 14. Nb5 Be7 (14... Bf8 $2 15. Bxf6 Qxf6 16. Nc7
$18) 15. Rc1 a6 (15... a5 $5) 16. Nbd4 Nfe4 $6 (16... a5 $1 {>=} 17. Ne5 (17.
a3 Nfe4) 17... Bf8 $14) 17. b4 Ne6 18. Qb3 Nxd4 19. Bxd4 Bf6 20. Rc2 Nd6 21.
Rd1 $16 h6 22. e3 Nc4 23. Ne1 $1 {/\Bf6,Nd3-f4} b5 24. Qc3 $1 (24. Bxf6 Qxf6
25. Bxd5 $2 Rad8 26. e4 Bxd5 27. exd5 Qf5 $15) 24... Bxd4 25. Qxd4 a5 26. Nd3
axb4 27. Nxb4 Ra4 28. Qc5 Qb6 29. Rxc4 $1 Qxc5 30. Rxc5 Rxb4 31. Rc7 $1 Ba8 32.
Bxd5 Bxd5 33. Rxd5 Ra4 34. Rxb5 Rxa2 35. Rbb7 Rf8 36. g4 $1 Ra4 37. h3 h5 $2 (
37... g5 $1 38. Rc6 (38. Kg2 Ra6 $1) 38... Kg7 39. Kg2 Ra2 40. Kg3 Re8 41. Rcc7
Rf8 $16) 38. g5 g6 39. Kg2 Raa8 40. Rc6 $1 (40. Kg3 $2 Rac8 $1 (40... Rab8 $2
41. Rxf7 $18) 41. Rd7 Rcd8 42. Rxd8 Rxd8 $14) 40... Rab8 41. Rbc7 Rb5 42. h4
Rb4 43. f3 $1 Rfb8 (43... Rxh4 $2 44. e4 $18 {/\Rc1,Kg3}) 44. Rf6 R8b7 (44...
Rf8 45. e4 Rb5 46. Kg3 Ra5 47. Re7 $18 {/\e5-e6}) 45. Rfxf7 Rxc7 46. Rxc7 Rxh4
47. e4 $18 Kf8 48. Rc8+ Kg7 49. Rc7+ Kf8 50. Rc1 Rf4 51. Rc8+ Kg7 52. Rc7+ Kg8
53. Rc6 Kg7 54. Rc7+ Kg8 55. Kg3 Rf8 56. f4 Re8 57. Rc4 Rf8 58. Rc5 Re8 59. Kf3
Ra8 60. f5 Ra3+ 61. Kf4 h4 62. Rc8+ Kg7 63. f6+ Kf7 64. Rc7+ Kf8 65. Rg7 1-0

[Event "Dos Hermanas"]
[Site "Dos Hermanas"]
[Date "1993.??.??"]
[Round "6"]
[White "Karpov, Anatoly"]
[Black "Yudasin, Leonid"]
[Result "1-0"]
[WhiteElo "2725"]
[BlackElo "2610"]
[Annotator "Dautov,R"]
[PlyCount "111"]
[EventDate "1993.04.??"]
[EventType "tourn"]
[EventRounds "9"]
[EventCountry "ESP"]
[EventCategory "14"]
[SourceTitle "CBM 036"]
[Source "ChessBase"]
[SourceDate "1993.10.01"]
[SourceVersion "1"]
[SourceVersionDate "1993.10.01"]
[SourceQuality "1"]

1. d4 Nf6 2. c4 e6 3. Nf3 b6 4. g3 Ba6 5. b3 d5 6. Bg2 Bb4+ 7. Bd2 Bd6 8. cxd5
(8. Nc3 $1 {>=} O-O 9. O-O dxc4 10. Ne5 Bxe5 11. dxe5 Nd5 12. Nxd5 exd5 13. Bb4
c5 14. Bxd5 $16) 8... exd5 9. Nc3 O-O 10. O-O (10. Bg5 Bb4 11. Rc1 Nbd7 12. O-O
Re8 13. Re1 Bb7 14. Qd3 h6 15. Bxf6 Nxf6 16. Nd2 Re7 17. Red1 a5 18. e3 Qd7 19.
Qc2 Rae8 20. Ne2 Ne4 21. Nxe4 dxe4 22. Nc3 h5 $10 {Epishin-Yudasin/Dos
Hermanas/1993}) (10. Ne5 $5 Re8 11. O-O Bxe5 (11... Bb7 12. Bg5 $14) 12. dxe5
Rxe5 13. Bf4 Re6 14. Nxd5 Bxe2 15. Bxc7 Qc8 16. Nxf6+ gxf6 17. Qc1 Bxf1 18.
Bxa8 Bh3 19. Bd5 $14) 10... Nbd7 (10... Re8) 11. Re1 (11. Nh4 Re8 12. Re1 c6
13. Nf5 Bf8 $13) 11... c5 $6 (11... Re8 {>=} 12. Rc1 c6 13. Qc2 {/\e4} Rc8 14.
e4 dxe4 15. Nxe4 Nxe4 16. Rxe4 c5 17. Rxe8+ Qxe8 18. Re1 Qd8 19. Bg5 Qc7 20.
dxc5 Qxc5 21. Qxc5 Nxc5 22. Bh3 Ra8 $10 {Eingorn-Shipov/Berlin Summer op/1992})
12. Be3 Bb7 13. Nh4 $1 {><d5} Ng4 (13... cxd4 $6 14. Bxd4 $16) (13... Ne4 14.
Nxd5 $2 Bxd5 15. dxc5 Nc3 16. Qd3 Be5 17. Bxd5 Nxd5 18. Qxd5 Bxa1 19. c6 Ne5
$17) (13... Ne4 14. Nxe4 $1 dxe4 15. Nf5 Be7 16. Qc2 Rc8 17. Qb2 $16) 14. Nxd5
(14. Bxd5 $6 Nxe3 15. fxe3 Bxd5 16. Nxd5 Qg5 17. Nf4 Nf6 18. Nf3 Qg4 $44) 14...
Bxd5 (14... Nxe3 15. Nxe3 Bxg2 16. Kxg2 cxd4 17. Nef5 Qf6 18. Nxd6 Qxd6 19. Nf3
$16) 15. Bxd5 Nxe3 16. fxe3 Rc8 17. Qd3 Nf6 18. Bc4 g6 19. Rf1 Kg7 20. Rf3 $16
Ng4 21. h3 $1 (21. Raf1 f5 22. h3 (22. e4 Nxh2 $1 23. Nxf5+ gxf5 24. Kxh2 Qh4+
25. Kg2 Qxe4 $14) (22. Nxf5+ gxf5 23. Rxf5 Rxf5 24. Rxf5 Nh6 $13) 22... Nf6 $14
) 21... Nh6 22. Ng2 Nf5 23. Raf1 b5 (23... Nxg3 24. Rxf7+ Rxf7 25. Rxf7+ Kh8
26. dxc5 $16) (23... Bxg3 $2 24. e4 $18) 24. Bd5 $1 Qg5 (24... Bxg3 25. Be4 Bb8
26. Bxf5 gxf5 27. Qxf5 $16) 25. dxc5 Bxc5 (25... Rxc5 26. b4 (26. e4 Nxg3 27.
Rxf7+ Rxf7 28. Rxf7+ Kh8 29. Qd4+ Qe5 $14) 26... Rc7 27. Be4 Bxg3 28. Bxf5 gxf5
29. Rxf5 Qg6 30. Qxb5 $16) 26. h4 Qe7 (26... Qg4 27. Kh2 $16 {/\e4}) 27. Rxf5
$1 gxf5 28. Rxf5 f6 29. Kh2 Bd6 (29... a6 30. Nf4 $16) 30. Qxb5 Kh8 31. Qd3 Qc7
32. Nf4 Rfe8 33. Kg2 (33. Rxf6 $5 Rf8 34. Rh6 Bxf4 35. exf4 Rxf4 36. Rc6 Rxh4+
37. Kg2 $18) 33... Re7 34. Bf3 (34. Rxf6 $5 $16) 34... Rg7 35. g4 Bxf4 (35...
Rcg8 $142 $16) 36. exf4 Rd8 37. Qc4 $18 Qe7 38. Qc3 Rd6 39. Rc5 Rd8 40. Rc6 Rd6
41. Rc4 Rd8 42. Rc6 Rd6 43. Rc5 Rd8 44. b4 Rdg8 45. Kf2 Qd6 46. Rf5 Rf8 47. Qc5
Qd8 48. Rd5 Qb8 49. Qd4 Qc8 50. b5 Rxg4 51. Bxg4 Qxg4 52. f5 Qh3 53. Ke1 Rf7
54. Kd2 Qg3 55. a4 Kg7 56. Rd7 1-0